Allende e l'esperienza cilena /

Guardado en:
Detalles Bibliográficos
Autor principal: Garcés, Joan E. (Autor)
Otros Autores: Terzi, Riccardo, (1941- )
Formato: Libro
Lenguaje:italiano
Publicado: Milano : Teti, \1980!
Colección:Studi e documenti
Materias:
Etiquetas: Agregar Etiqueta
Sin Etiquetas, Sea el primero en etiquetar este registro!

MARC

LEADER 00000nam a22000007i 4500
001 IT\ICCU\LO1\0480654
003 ItRI
005 20260115232416.0
008 990125s1980 it |||||| ||||| |||||c
015 |2 IT  |a 81-11199 
040 |b ita  |c importazione bologna sebina 
041 7 |a ita  |2 ISO-639-2 
082 |a 983  |9 CILE  |2 18 
100 1 |a Garcés, Joan E.  |0 IT\ICCU\RAVV\032758  |4 aut 
245 1 0 |a Allende e l'esperienza cilena /  |c Joan E. Garcés ; prefazione di Riccardo Terzi. 
260 |a Milano :  |b Teti,  |c \1980! 
300 |a 226 p. ;  |c 21 cm. 
650 7 |a Cile  |x Politica  |x 1970-1973  |2 scbi 
700 1 |a Terzi, Riccardo,  |d  (1941- )  |0 IT\ICCU\RAVV\080526 
830 0 |a Studi e documenti  |0 IT\ICCU\CFI\0007082 
942 |2 ddc  |c BK  |n 0 
952 |0 0  |1 0  |4 0  |6 DOC_983_064000000000000_GAR  |7 0  |9 25453  |a BO  |b BO  |d 2026-01-15  |i 6485  |l 0  |o DOC 983.064 GAR  |p BO6485  |r 2026-01-15 23:24:16  |w 2026-01-15  |x [Sebina 5] [1 v.]  |y BK  |z 1 v. 
999 |c 21612  |d 21612